Enseñanza de la historia y memoria colectiva

Guardat en:
Dades bibliogràfiques
Autors principals: Carretero Rodríguez, Mario (Autor), Rosa, Alberto (Autor), González, María Fernanda (Autor)
Format: Llibre
Idioma:espanyol
Publicat: Ciudad de México Paidós 2006
Edició:1a. ed
Col·lecció:Paidós Educador
Matèries:
Etiquetes: Afegir etiqueta
Sense etiquetes, Sigues el primer a etiquetar aquest registre!

MARC

LEADER 00000nam a2200000 a 4500
001 UCI0210
003 CL-VaPUC
008 070427e20060000MX |||||||||||||||||spa|d
020 |a 9501221830 
082 0 4 |a 372.89  |b CAR  |2 21 
100 0 |a Carretero Rodríguez, Mario  |e author  |9 520315 
700 0 |a Rosa, Alberto  |e author  |9 520316 
700 0 |a González, María Fernanda  |e author  |9 520317 
245 1 0 |a Enseñanza de la historia y memoria colectiva 
250 |a 1a. ed 
300 |a 366 p 
942 |c BK 
945 |d 20070427 00:00:00  |a jtorresc 
260 |a Ciudad de México  |b Paidós  |c 2006 
650 0 |a Enseñanza de la historia   |9 307330 
650 0 |a Métodos de enseñanza  |9 270413 
650 0 |a Planificación de la educación   |9 307333 
583 |a last modification  |c 20170609 10:09:14  |k Rodrigo Vera 
490 0 |a Paidós Educador 
999 |c 325447  |d 325445 
952 |0 0  |1 0  |4 0  |6 372_890000000000000_CAR_2006  |7 0  |8 A  |9 406381  |a BIBHIS  |b BIBHIS  |d 2019-11-22  |i 433390K  |o 372.89 CAR 2006  |p 433390K  |r 2025-01-20  |w 2019-11-22  |y BK  |k HIS